• 首页
  • 本馆介绍
  • 公告通知
  • 最新文献
  • 馆藏检索
  • 电子资源
  • 读者导购
  • 参考咨询
  • 我的图书馆
  • 登录
  • 详细信息显示
  • 放入我的书架
  • 预约/预借图书
  • 作者相关作品
  • 分类相关作品
  • 丛书相关作品
  • 出版社相关作品

书目信息

  • 表格格式
  • 工作单格式
  • 卡片格式
题名:
受益一生的北大国学课:耀世典藏版
    
 
作者: 芳园 主编
分册:  
出版信息: 天津   天津人民出版社  2015
页数: 422页
开本: 19cm
丛书名:
单 册:
中图分类: Z126-49
科图分类:
主题词:
电子资源:
ISBN: 978-7-201-09097-9
000 00529nam0 2200169 450
001 1111
005 20161008084406.76
010    @a978-7-201-09097-9@b平装@d59.80
101    @achi
200    @a受益一生的北大国学课:耀世典藏版@Ashou yi yi sheng de bei da guo xue ke:yao shi dian cang ban@f芳园主编@Ffang yuan zhu bian
210    @a天津@c天津人民出版社@d2015
215    @a422页@d19cm
330    @a国学-通俗读物
690    @aZ126-49@v4
701    @a芳园@4主编@Afang yuan
801  0 @aCN@b唐山师范学院图书馆@c20160830
905    @aZUCC@dZ126-49@e114
    
    受益一生的北大国学课:耀世典藏版/芳园主编.-天津:天津人民出版社,2015
    422页;19cm
    
    
    ISBN 978-7-201-09097-9(平装):59.80
    国学-通俗读物
●
相关链接 在E读中查询图书 在五车中查询图书 在当当中查询图书 在豆瓣中查询图书


正题名:受益一生的北大国学课:耀世典藏版     索取号:Z126-49/114         预约/预借

序号 登录号 条形码 馆藏地/架位号 状态 备注
1 906971   209069719   第二样本阅览室/ [索取号:Z126-49/114] 在馆    
2 906972   209069728   第三借阅区/ [索取号:Z126-49/114] 在馆    
3 906973   209069737   第三借阅区/ [索取号:Z126-49/114] 在馆    
唐山师范学院图书馆 欢迎您!
大连网信软件有限公司© 版权所有